Hypertension primer : (Record no. 8166)
[ view plain ]
| 000 -LEADER | |
|---|---|
| fixed length control field | 01446pam a2200349 a 4500 |
| 001 - CONTROL NUMBER | |
| control field | 4889866 |
| 003 - CONTROL NUMBER IDENTIFIER | |
| control field | OSt |
| 005 - DATE AND TIME OF LATEST TRANSACTION | |
| control field | 20231002062507.0 |
| 008 - FIXED-LENGTH DATA ELEMENTS--GENERAL INFORMATION | |
| fixed length control field | 931014s1993 txua b 001 0 eng c |
| 010 ## - LIBRARY OF CONGRESS CONTROL NUMBER | |
| LC control number | 93041432 |
| 020 ## - INTERNATIONAL STANDARD BOOK NUMBER | |
| International Standard Book Number | 0683307061 |
| Terms of availability | $34.95 |
| 040 ## - CATALOGING SOURCE | |
| Original cataloging agency | DNLM/DLC |
| Transcribing agency | DLC |
| Modifying agency | DLC |
| 050 00 - LIBRARY OF CONGRESS CALL NUMBER | |
| Classification number | RC685.H8 |
| Item number | H923 1993 |
| 060 00 - NATIONAL LIBRARY OF MEDICINE CALL NUMBER | |
| Classification number | WG 340 H99654 1993 |
| 082 00 - DEWEY DECIMAL CLASSIFICATION NUMBER | |
| Classification number | WG340 H999J 1999. |
| Edition number | 20 |
| 100 ## - MAIN ENTRY--PERSONAL NAME | |
| Personal name | Joseph L. Izzo, Jr. and Henry R. Black, editors ; Kathryn A. Taubert, executive editor. |
| 9 (RLIN) | 16670 |
| 245 00 - TITLE STATEMENT | |
| Title | Hypertension primer : |
| Remainder of title | the essentials of high blood pressure / |
| Statement of responsibility, etc. | Joseph L. Izzo, Jr. and Henry R. Black, editors ; Kathryn A. Taubert, executive editor. |
| 250 ## - EDITION STATEMENT | |
| Edition statement | 2nd ed. |
| 260 ## - PUBLICATION, DISTRIBUTION, ETC. (IMPRINT) | |
| Place of publication, distribution, etc. | canada |
| Name of publisher, distributor, etc. | American Heart Association, |
| Date of publication, distribution, etc. | c1999. |
| 300 ## - PHYSICAL DESCRIPTION | |
| Extent | xxiii, 471 p. : |
| Other physical details | ill. ; |
| Dimensions | 28 cm. |
| 500 ## - GENERAL NOTE | |
| General note | "From the Council on High Blood Pressure Research, American Heart Association." |
| 504 ## - BIBLIOGRAPHY, ETC. NOTE | |
| Bibliography, etc | Includes index. |
| 650 #0 - SUBJECT ADDED ENTRY--TOPICAL TERM | |
| Topical term or geographic name as entry element | Hypertension. |
| 9 (RLIN) | 3146 |
| 650 #2 - SUBJECT ADDED ENTRY--TOPICAL TERM | |
| Topical term or geographic name as entry element | Hypertension. |
| 9 (RLIN) | 3146 |
| 700 1# - ADDED ENTRY--PERSONAL NAME | |
| Personal name | Izzo, Joseph L. |
| 9 (RLIN) | 16671 |
| 700 1# - ADDED ENTRY--PERSONAL NAME | |
| Personal name | Black, Henry R. |
| Fuller form of name | (Henry Richard), |
| Dates associated with a name | 1942- |
| 9 (RLIN) | 16672 |
| 700 1# - ADDED ENTRY--PERSONAL NAME | |
| Personal name | Taubert, Kathryn A. |
| 9 (RLIN) | 16673 |
| 710 2# - ADDED ENTRY--CORPORATE NAME | |
| Corporate name or jurisdiction name as entry element | Council for High Blood Pressure Research (American Heart Association) |
| 9 (RLIN) | 16674 |
| 906 ## - LOCAL DATA ELEMENT F, LDF (RLIN) | |
| a | 7 |
| b | cbc |
| c | orignew |
| d | 1 |
| e | ocip |
| f | 19 |
| g | y-gencatlg |
| 942 ## - ADDED ENTRY ELEMENTS (KOHA) | |
| Source of classification or shelving scheme | Other/Generic Classification Scheme |
| Koha item type | Open Shelf |
| Withdrawn status | Lost status | Source of classification or shelving scheme | Damaged status | Not for loan | Home library | Current library | Date acquired | Source of acquisition | Inventory number | Total Checkouts | Full call number | Barcode | Date last seen | Price effective from | Koha item type |
|---|---|---|---|---|---|---|---|---|---|---|---|---|---|---|---|
| Other/Generic Classification Scheme | MUST Main Library | MUST Main Library | 02/10/2023 | Purchase | 08/24175 | WG340 H999J 1999. | 2023-0535 | 02/10/2023 | 02/10/2023 | Open Shelf |
